[Event "Wch FIDE Online U16 Girls"]
[Site "Tornelo INT"]
[Date "2020.12.20"]
[Round "2.3"]
[White "Zhu, Evelyn"]
[Black "Garifullina, Leya"]
[Result "0-1"]
[WhiteElo "2038"]
[BlackElo "2348"]
[PlyCount "84"]
[EventDate "2020.12.19"]
[EventType "k.o. (rapid)"]
[EventRounds "4"]
[EventCountry "ISS"]
[SourceTitle "EXT 2022"]
[Source "ChessBase"]
[SourceDate "2021.10.06"]
[SourceVersion "1"]
[SourceVersionDate "2021.10.06"]
[SourceQuality "1"]

1. d4 Nf6 2. c4 e6 3. Nc3 Bb4 4. Qc2 0-0 5. Nf3 d5 6. cxd5 exd5 7. Bg5 h6 8. Bh4 c5 9. dxc5 Bxc5 10. e3 Nc6 11. Be2 d4 12. exd4 Nxd4 13. Nxd4 Qxd4 14. Bg3 Bb4 15. 0-0 Bxc3 16. bxc3 Qc5 17. Rfd1 Bf5 18. Bd3 Bxd3 19. Qxd3 Rfd8 20. Qxd8+ Rxd8 21. Rxd8+ Kh7 22. Rd3 Qc4 23. Rad1 Qxa2 24. Be5 Ne4 25. Bd4 b6 26. h4 Qc4 27. Re3 Qc6 28. Rde1 Nd6 29. g4 Nb5 30. Be5 a5 31. g5 a4 32. gxh6 Qxh6 33. Rg3 f6 34. Bd4 Nd6 35. Bxb6 Qh5 36. c4 Nf5 37. Rg2 Qf3 38. c5 a3 39. Ra1 Qc3 40. Ra2 Nd4 41. f4 Nf3+ 42. Kf1 Qe1# 0-1

[Event "Isolated Queens Internet op 2nd"]
[Site "Chess.com INT"]
[Date "2020.05.02"]
[Round "3"]
[White "Zhu, Evelyn"]
[Black "Perez Rodriguez, Jennifer"]
[Result "1/2-1/2"]
[WhiteElo "2037"]
[BlackElo "2251"]
[PlyCount "96"]
[EventDate "2020.05.02"]
[EventType "swiss"]
[EventRounds "10"]
[EventCountry "USA"]
[SourceTitle "CBM 195 Extra"]
[Source "ChessBase"]
[SourceDate "2020.05.31"]
[SourceVersion "1"]
[SourceVersionDate "2020.05.31"]
[SourceQuality "1"]

1. d4 Nf6 2. c4 e6 3. Nc3 d5 4. cxd5 exd5 5. Bg5 Be7 6. e3 c6 7. Bd3 0-0 8. Nge2 Ne4 9. Bxe7 Qxe7 10. Bxe4 dxe4 11. Qc2 f5 12. d5 Qe5 13. Rd1 Na6 14. dxc6 bxc6 15. Nd4 Bd7 16. Nce2 Kh8 17. a3 c5 18. Nb3 Ba4 19. Nc3 Bxb3 20. Qxb3 Rab8 21. Qc2 c4 22. Rd5 Qe7 23. Ne2 Nc5 24. 0-0 Nd3 25. Qxc4 Rxb2 26. Nd4 Qf7 27. Qc6 Rb6 28. Qd7 Qxd7 29. Rxd7 Ra6 30. Nb5 Ra5 31. a4 Rxa4 32. Rxa7 Rxa7 33. Nxa7 Ra8 34. Nc6 Ra2 35. Nd4 g6 36. f3 exf3 37. gxf3 Kg7 38. Rd1 Ne5 39. e4 fxe4 40. fxe4 Ra4 41. Ne6+ Kf6 42. Nc5 Rc4 43. Rd5 Rc1+ 44. Kg2 Rc2+ 45. Kg3 Rc3+ 46. Kg2 Rc2+ 47. Kg3 Rc3+ 48. Kg2 Rc2+ 1/2-1/2

[Event "North American-ch U20 Girls"]
[Site "Charlotte"]
[Date "2019.06.28"]
[Round "5"]
[White "Qiao, Cindy"]
[Black "Zhu, Evelyn"]
[Result "0-1"]
[WhiteElo "1777"]
[BlackElo "2006"]
[PlyCount "58"]
[EventDate "2019.06.26"]
[EventType "swiss"]
[EventRounds "9"]
[EventCountry "USA"]
[SourceTitle "CBM 191 Extra"]
[Source "ChessBase"]
[SourceDate "2019.09.30"]
[SourceVersion "1"]
[SourceVersionDate "2019.09.30"]
[SourceQuality "1"]

1. e4 c5 2. Nf3 e6 3. d3 Nc6 4. Nbd2 g6 5. g3 Bg7 6. Bg2 Nge7 7. 0-0 0-0 8. Re1 d6 9. c3 e5 10. Nf1 h6 11. h4 f5 12. exf5 gxf5 13. Qe2 Rb8 14. Bd2 b6 15. Rab1 Ba6 16. c4 b5 17. b3 d5 18. Red1 bxc4 19. dxc4 e4 20. N3h2 Qe8 21. Bf4 Rd8 22. a3 Ng6 23. Be3 Nd4 24. Qh5 f4 25. gxf4 Nxf4 26. Qxe8 Nfe2+ 27. Kh1 Rfxe8 28. Rd2 Nc3 29. Rc1 Nxb3 0-1

[Event "North American-ch U20 Girls"]
[Site "Charlotte"]
[Date "2019.06.26"]
[Round "2"]
[White "Zhu, Evelyn"]
[Black "Ehsani, Yassamin L"]
[Result "1/2-1/2"]
[WhiteElo "2006"]
[BlackElo "1866"]
[PlyCount "95"]
[EventDate "2019.06.26"]
[EventType "swiss"]
[EventRounds "9"]
[EventCountry "USA"]
[SourceTitle "CBM 191 Extra"]
[Source "ChessBase"]
[SourceDate "2019.09.30"]
[SourceVersion "1"]
[SourceVersionDate "2019.09.30"]
[SourceQuality "1"]

1. d4 d5 2. c4 c6 3. Nc3 Nf6 4. cxd5 cxd5 5. Bf4 Bf5 6. Nf3 Nc6 7. e3 e6 8. Qb3 Qc8 9. Ne5 Be7 10. Nxc6 bxc6 11. Be2 0-0 12. 0-0 c5 13. dxc5 Qxc5 14. Rac1 Qb6 15. Nb5 a6 16. Nd4 Qxb3 17. axb3 a5 18. Nxf5 exf5 19. Rc7 Bb4 20. Rfc1 h6 21. Be5 Ne4 22. Bb5 Rad8 23. Rd1 Nd2 24. Bc6 Rc8 25. Rxc8 Rxc8 26. Bd7 Rd8 27. Bxf5 Nxb3 28. Bc7 Ra8 29. Rxd5 g6 30. Bc2 a4 31. g3 Rc8 32. Rd8+ Rxd8 33. Bxd8 Nc5 34. Be7 a3 35. bxa3 Bxa3 36. Kg2 Kg7 37. Kf3 Bb4 38. Ke2 Na6 39. Bxb4 Nxb4 40. Be4 Na6 41. Kd3 Kf6 42. Kd4 Nc7 43. Bg2 Nb5+ 44. Kc5 Nc7 45. Kd6 Nb5+ 46. Kc5 Nc7 47. Kd6 Nb5+ 48. Kc5 1/2-1/2

[Event "Wch U14 Girls"]
[Site "Porto Carras"]
[Date "2018.10.27"]
[Round "8"]
[White "Dylag, Emilia"]
[Black "Zhu, Evelyn"]
[Result "0-1"]
[WhiteElo "2059"]
[BlackElo "1926"]
[PlyCount "96"]
[EventDate "2018.10.20"]
[EventType "swiss"]
[EventRounds "11"]
[EventCountry "GRE"]
[SourceTitle "CBM 187 Extra"]
[Source "ChessBase"]
[SourceDate "2018.11.04"]
[SourceVersion "1"]
[SourceVersionDate "2018.11.04"]
[SourceQuality "1"]

1. d4 d5 2. c4 c6 3. cxd5 cxd5 4. Nc3 Nf6 5. Bf4 Nc6 6. e3 a6 7. Bd3 e6 8. Nge2 Bd6 9. Rc1 0-0 10. 0-0 h6 11. a3 Bxf4 12. Nxf4 Qd6 13. Bb1 Nd7 14. b4 Ne7 15. Qc2 f5 16. Na4 Nc6 17. Rfd1 g5 18. Ne2 Nf6 19. Qc5 Qc7 20. Nb6 Rb8 21. a4 Ng4 22. g3 Qf7 23. h3 Nf6 24. Kg2 Ne4 25. Qc2 Nxb4 26. Qb2 Nc6 27. Nxd5 exd5 28. f3 Bd7 29. fxe4 fxe4 30. Rf1 Qe6 31. Ng1 Na5 32. Ba2 b5 33. Rxf8+ Rxf8 34. Rf1 Rxf1 35. Kxf1 bxa4 36. Qb8+ Kg7 37. g4 Nc4 38. Ke2 Qf7 39. Bxc4 dxc4 40. Qe5+ Qf6 41. Qxe4 a3 42. Qc2 Bc6 43. Qc3 a2 44. Ke1 Bg2 45. Kd2 Qf2+ 46. Ne2 Bf1 47. d5+ Kf7 48. Qxc4 Qxe2+ 0-1

[Event "Wch U14 Girls"]
[Site "Porto Carras"]
[Date "2018.10.20"]
[Round "1"]
[White "Zhu, Evelyn"]
[Black "Pandey, Divya"]
[Result "1-0"]
[WhiteElo "1926"]
[BlackElo "1523"]
[PlyCount "127"]
[EventDate "2018.10.20"]
[EventType "swiss"]
[EventRounds "11"]
[EventCountry "GRE"]
[SourceTitle "CBM 187 Extra"]
[Source "ChessBase"]
[SourceDate "2018.11.04"]
[SourceVersion "1"]
[SourceVersionDate "2018.11.04"]
[SourceQuality "1"]

1. d4 d5 2. c4 c6 3. Nc3 Nf6 4. e3 e6 5. Nf3 Nbd7 6. Bd3 dxc4 7. Bxc4 b5 8. Bd3 a6 9. a4 b4 10. Ne4 a5 11. 0-0 Ba6 12. Nxf6+ Nxf6 13. Bxa6 Rxa6 14. Qe2 Rb6 15. e4 Be7 16. Rd1 0-0 17. Ne5 Qa8 18. Bg5 Qb7 19. Rac1 Ra6 20. Nd3 Ra7 21. Ne5 Rc8 22. Qf3 Bd8 23. Nd3 Ne8 24. Nc5 Qa8 25. Bf4 Bc7 26. Nd3 Bxf4 27. Qxf4 Nf6 28. Ne5 Rac7 29. Rc5 Ne8 30. Nc4 Ra7 31. Qe5 Qb8 32. Qxb8 Rxb8 33. Rxc6 Rd8 34. f3 Rad7 35. b3 Rxd4 36. Rxd4 Rxd4 37. Nxa5 Kf8 38. Rb6 Nc7 39. Rb8+ Ne8 40. Nc6 Rd6 41. Nxb4 Ke7 42. Rb7+ Kd8 43. a5 Nc7 44. Rb8+ Kd7 45. Kf2 Rd4 46. a6 Rd1 47. Ke2 Ra1 48. Kd2 Kd6 49. Kc3 Kc5 50. Kb2 Ra5 51. Rb7 Kd6 52. Rb6+ Kd7 53. Nc6 Rb5 54. Rxb5 Nxb5 55. a7 Nc7 56. Nb8+ Kc8 57. Na6 Na8 58. Nc5 Kc7 59. Kc3 e5 60. Kc4 Kc6 61. Na4 Nc7 62. b4 Kb7 63. b5 Na8 64. b6 1-0

[Event "Philadelphia op 12th"]
[Site "Philadelphia"]
[Date "2018.03.31"]
[Round "6"]
[White "Homa, Seth"]
[Black "Zhu, Evelyn"]
[Result "1-0"]
[WhiteElo "2247"]
[BlackElo "2016"]
[PlyCount "91"]
[EventDate "2018.03.28"]
[EventType "swiss"]
[EventRounds "9"]
[EventCountry "USA"]
[SourceTitle "CBM 183 Extra"]
[Source "ChessBase"]
[SourceDate "2018.04.19"]
[SourceVersion "1"]
[SourceVersionDate "2018.04.19"]
[SourceQuality "1"]

1. c4 c6 2. Nf3 d5 3. e3 Nf6 4. Nc3 a6 5. Qc2 g6 6. b3 Bg7 7. Bb2 0-0 8. d4 Bf5 9. Bd3 Bxd3 10. Qxd3 Nbd7 11. 0-0 Re8 12. Rfd1 Qb6 13. Rac1 Rac8 14. h3 Qa7 15. Rc2 Qb8 16. e4 dxe4 17. Nxe4 Rcd8 18. Nxf6+ Bxf6 19. Qe4 Nc5 20. Qe3 Ne6 21. Rcd2 Ng7 22. Qe2 Ne6 23. g3 Nc7 24. Ba3 Qc8 25. Kg2 Ne6 26. Qe4 Ng5 27. Nxg5 Bxg5 28. Rd3 Bf6 29. Bc1 Rd7 30. Bh6 Red8 31. h4 Bg7 32. Bxg7 Kxg7 33. h5 Qc7 34. Rh1 Qd6 35. Rh4 Qf6 36. d5 cxd5 37. cxd5 e6 38. hxg6 hxg6 39. Rf3 exd5 40. Qe3 Qb2 41. Qh6+ Kg8 42. Qh7+ Kf8 43. Qxg6 Qg7 44. Qf5 Re7 45. Rh7 Qg8 46. Qh5 1-0

[Event "Wch U14 Girls"]
[Site "Montevideo"]
[Date "2017.09.26"]
[Round "11"]
[White "Mandukhai, Myagmarsuren"]
[Black "Zhu, Evelyn"]
[Result "0-1"]
[WhiteElo "1684"]
[BlackElo "1870"]
[PlyCount "122"]
[EventDate "2017.09.17"]
[EventType "swiss"]
[EventRounds "11"]
[EventCountry "URU"]
[SourceTitle "EXT 2018"]
[Source "ChessBase"]
[SourceDate "2017.10.13"]
[SourceVersion "1"]
[SourceVersionDate "2017.10.13"]
[SourceQuality "1"]

1. d4 d5 2. c4 c6 3. Nc3 Nf6 4. e3 a6 5. Nf3 Bf5 6. Qb3 b5 7. cxd5 cxd5 8. a4 b4 9. Qxb4 Nc6 10. Qc5 Na5 11. Bxa6 Rxa6 12. Qb5+ Rc6 13. Ne5 Bd7 14. Nxd5 e6 15. Nxf6+ gxf6 16. Nxd7 Kxd7 17. Bd2 Nc4 18. a5 Nxd2 19. Kxd2 Bd6 20. a6 Qb6 21. Qxb6 Rxb6 22. Ra2 Rhb8 23. Rb1 Kc6 24. Kd3 Ra8 25. Rba1 Ra7 26. g3 Rb8 27. h4 Rba8 28. Ra5 Kb6 29. Rh5 Rh8 30. Rha5 h6 31. R1a2 Rha8 32. Rh5 Bf8 33. Raa5 Rxa6 34. Rab5+ Kc6 35. g4 Rb6 36. Rxb6+ Kxb6 37. g5 Ra5 38. f4 fxg5 39. hxg5 f6 40. b4 Rb5 41. Ke4 Kc6 42. Rh1 hxg5 43. fxg5 Rxg5 44. Rf1 Be7 45. Rc1+ Kd7 46. Ra1 Rb5 47. Ra7+ Ke8 48. Ra8+ Kf7 49. Kf3 Rxb4 50. Ra5 Rb3 51. d5 e5 52. Ra7 Ke8 53. Ra8+ Kd7 54. Ra7+ Ke8 55. Ra8+ Kd7 56. Ra7+ Kd6 57. Ke4 Bd8 58. Rf7 Be7 59. Rh7 Rb5 60. Rf7 Rxd5 61. Rxe7 f5+ 0-1

[Event "Wch U14 Girls"]
[Site "Montevideo"]
[Date "2017.09.22"]
[Round "7"]
[White "Zhu, Evelyn"]
[Black "Golsta, Ramona"]
[Result "1/2-1/2"]
[WhiteElo "1870"]
[BlackElo "1656"]
[PlyCount "84"]
[EventDate "2017.09.17"]
[EventType "swiss"]
[EventRounds "11"]
[EventCountry "URU"]
[SourceTitle "CBM 180 Extra"]
[Source "ChessBase"]
[SourceDate "2017.10.06"]
[SourceVersion "1"]
[SourceVersionDate "2017.10.06"]
[SourceQuality "1"]

1. d4 f5 2. c4 Nf6 3. g3 e6 4. Bg2 c6 5. Nf3 d5 6. 0-0 Bd6 7. b3 Qe7 8. Bb2 b6 9. Qc1 Nbd7 10. Ba3 Bb7 11. Bxd6 Qxd6 12. Qb2 0-0 13. Na3 Ne4 14. Nc2 Rae8 15. Rad1 f4 16. Nce1 Ba6 17. Rc1 fxg3 18. hxg3 e5 19. Nd3 exd4 20. Qxd4 dxc4 21. bxc4 Qxd4 22. Nxd4 c5 23. Nb5 Bxb5 24. cxb5 g5 25. Rfd1 Ndf6 26. Rc4 Kg7 27. e3 Re7 28. Rc2 Rd8 29. Kf1 Rc7 30. Ke2 Rcd7 31. Nb2 Rxd1 32. Nxd1 h5 33. Nb2 Kf7 34. Nc4 Ke6 35. a4 Rf8 36. a5 bxa5 37. Nxa5 Rb8 38. Nc6 Rxb5 39. Nxa7 Ra5 40. Nc6 Rb5 41. Na7 Rb7 42. Nc6 Rb5 1/2-1/2

[Event "Wch U14 Girls"]
[Site "Montevideo"]
[Date "2017.09.19"]
[Round "4"]
[White "Zhou, Iris"]
[Black "Zhu, Evelyn"]
[Result "1-0"]
[WhiteElo "1648"]
[BlackElo "1870"]
[PlyCount "51"]
[EventDate "2017.09.17"]
[EventType "swiss"]
[EventRounds "11"]
[EventCountry "URU"]
[SourceTitle "CBM 180 Extra"]
[Source "ChessBase"]
[SourceDate "2017.10.06"]
[SourceVersion "1"]
[SourceVersionDate "2017.10.06"]
[SourceQuality "1"]

1. e4 c5 2. Nf3 e6 3. d4 cxd4 4. Nxd4 a6 5. Bd3 Nf6 6. Qe2 Qc7 7. 0-0 d6 8. Nc3 Be7 9. f4 Nbd7 10. Kh1 b5 11. Bd2 Bb7 12. Rae1 b4 13. Nd1 d5 14. e5 Ne4 15. Bxe4 dxe4 16. Nf2 Qb6 17. Nb3 a5 18. Nxe4 Ba6 19. Qf3 Rc8 20. Be3 Qc7 21. Rf2 a4 22. Nd4 0-0 23. Qg3 Qb7 24. Bc1 Bc4 25. f5 Bd5 26. f6 1-0

[Event "Wch U14 Girls"]
[Site "Montevideo"]
[Date "2017.09.18"]
[Round "3"]
[White "Zhu, Evelyn"]
[Black "Jyothsna, L."]
[Result "0-1"]
[WhiteElo "1870"]
[BlackElo "2115"]
[PlyCount "152"]
[EventDate "2017.09.17"]
[EventType "swiss"]
[EventRounds "11"]
[EventCountry "URU"]
[SourceTitle "CBM 180 Extra"]
[Source "ChessBase"]
[SourceDate "2017.10.06"]
[SourceVersion "1"]
[SourceVersionDate "2017.10.06"]
[SourceQuality "1"]

1. d4 d5 2. c4 c6 3. Nc3 Nf6 4. Nf3 e6 5. e3 Nbd7 6. Bd3 dxc4 7. Bxc4 b5 8. Bd3 Bb7 9. 0-0 a6 10. a4 b4 11. Ne4 c5 12. Ned2 Be7 13. Qe2 0-0 14. Nc4 Qc7 15. Rd1 Rfd8 16. a5 Rac8 17. Bd2 Qb8 18. Rac1 Qa8 19. Ne1 Ne4 20. Bxe4 Bxe4 21. f3 Bc6 22. dxc5 Ba4 23. Bxb4 Bxd1 24. Rxd1 Bxc5 25. Bc3 Qc6 26. Nd3 Bf8 27. Nd2 Qb5 28. Ne4 Nc5 29. Nexc5 Bxc5 30. Kf2 Be7 31. f4 f6 32. Rd2 Rd5 33. e4 Rd7 34. Nc1 Rxd2 35. Qxd2 Bc5+ 36. Kg3 Qb7 37. Qd3 Kf7 38. f5 Qc7+ 39. e5 Qc6 40. Nb3 Ba7 41. fxe6+ Qxe6 42. exf6 Rc4 43. h3 g6 44. Kh2 Rc7 45. Nd2 Bb8 46. Kg1 Rd7 47. Qf3 Qe1+ 48. Nf1 Qe6 49. Nd2 Ba7+ 50. Kh1 Qe1+ 51. Nf1 Qd1 52. Qf4 Bd4 53. Kh2 Bxc3 54. Qc4+ Kxf6 55. bxc3 Qd6+ 56. Kg1 Rc7 57. Qh4+ Kg7 58. Ne3 Rxc3 59. Qe4 Rc1+ 60. Kf2 Qf6+ 61. Ke2 h5 62. Qb7+ Kh6 63. Qe4 Rc8 64. Nd5 Qb2+ 65. Ke3 Qc1+ 66. Kf3 Qg5 67. Ke2 Rb8 68. Ne3 Qb5+ 69. Kf2 Rf8+ 70. Ke1 Qxa5+ 71. Ke2 Qa2+ 72. Nc2 Qf7 73. Ne3 Qf2+ 74. Kd3 Rd8+ 75. Kc4 Qa2+ 76. Kc5 Qa3+ 0-1

[Event "Wch U14 Girls"]
[Site "Montevideo"]
[Date "2017.09.17"]
[Round "1"]
[White "Zhu, Evelyn"]
[Black "Hormazabal Figueroa, Constanza Valentina"]
[Result "1-0"]
[WhiteElo "1870"]
[BlackElo "1450"]
[PlyCount "135"]
[EventDate "2017.09.17"]
[EventType "swiss"]
[EventRounds "11"]
[EventCountry "URU"]
[SourceTitle "CBM 180 Extra"]
[Source "ChessBase"]
[SourceDate "2017.10.06"]
[SourceVersion "1"]
[SourceVersionDate "2017.10.06"]
[SourceQuality "1"]

1. d4 Nf6 2. c4 c5 3. d5 d6 4. Nc3 g6 5. e4 Bg7 6. Bd3 0-0 7. h3 e6 8. Nf3 exd5 9. cxd5 b5 10. Bxb5 Nxe4 11. Nxe4 Qa5+ 12. Nfd2 Qxb5 13. Nxd6 Qa6 14. N2c4 Nd7 15. 0-0 Ne5 16. Qb3 Bd7 17. Bf4 Rab8 18. Qg3 Nxc4 19. Nxc4 Rbd8 20. Ne5 Qb7 21. b3 Bb5 22. Rfe1 Rxd5 23. Rad1 Rfd8 24. Rxd5 Qxd5 25. Ng4 h5 26. Ne3 Qe6 27. Qg5 Rc8 28. Rc1 Bd4 29. Nd5 Kf8 30. Nc7 Qd7 31. Nxb5 Qxb5 32. Be5 Bxe5 33. Qxe5 Kg8 34. Rc4 Qa5 35. Ra4 Qc7 36. Qxc7 Rxc7 37. Kf1 Kg7 38. Ke2 Kf6 39. Kd3 Ke5 40. Kc4 Kd6 41. Ra6+ Ke5 42. Ra5 Kd6 43. h4 Re7 44. Ra6+ Ke5 45. Kxc5 Rc7+ 46. Kb5 Rc2 47. Rxa7 Rxf2 48. a4 f5 49. a5 f4 50. a6 Rxg2 51. Rf7 Ke4 52. a7 Ra2 53. Kb6 f3 54. Kb7 Ke3 55. a8Q Rxa8 56. Kxa8 Ke2 57. b4 f2 58. b5 f1Q 59. Rxf1 Kxf1 60. b6 Kg2 61. b7 Kh3 62. b8Q Kxh4 63. Qf4+ Kh3 64. Qg5 h4 65. Kb7 Kh2 66. Qxh4+ Kg2 67. Qg4+ Kf2 68. Qxg6 1-0

[Event "Wch U12 Girls"]
[Site "Batumi"]
[Date "2016.10.30"]
[Round "11"]
[White "Ananya, Rishi Gupta"]
[Black "Zhu, Evelyn"]
[Result "0-1"]
[WhiteElo "1788"]
[BlackElo "1661"]
[PlyCount "45"]
[EventDate "2016.10.19"]
[EventType "swiss"]
[EventRounds "11"]
[EventCountry "GEO"]
[SourceTitle "EXT 2018"]
[Source "ChessBase"]
[SourceDate "2017.10.13"]
[SourceVersion "1"]
[SourceVersionDate "2017.10.13"]
[SourceQuality "1"]

1. e4 c5 2. c3 d6 3. d4 Nf6 4. dxc5 Nc6 5. cxd6 Nxe4 6. dxe7 Qxd1+ 7. Kxd1 Bxe7 8. Be3 Bf5 9. Nd2 0-0-0 10. Ngf3 Bc5 11. Ke1 Rhe8 12. Nxe4 Bxe4 13. Nd2 Re7 14. Nc4 Ne5 15. Be2 Nxc4 16. Bxc5 Ree8 17. b3 Bd3 18. bxc4 Rxe2+ 19. Kd1 Bxc4+ 20. Kc1 Rdd2 21. Bd4 Rc2+ 22. Kd1 Red2+ 23. Ke1 0-1

[Event "Wch U12 Girls"]
[Site "Batumi"]
[Date "2016.10.29"]
[Round "10"]
[White "Zhu, Evelyn"]
[Black "Ehsani, Yassamin L"]
[Result "1/2-1/2"]
[WhiteElo "1661"]
[BlackElo "1493"]
[PlyCount "33"]
[EventDate "2016.10.19"]
[EventType "swiss"]
[EventRounds "11"]
[EventCountry "GEO"]
[SourceTitle "EXT 2018"]
[Source "ChessBase"]
[SourceDate "2017.10.13"]
[SourceVersion "1"]
[SourceVersionDate "2017.10.13"]
[SourceQuality "1"]

1. d4 Nf6 2. c4 g6 3. f3 d6 4. e4 Bg7 5. Nc3 0-0 6. Be3 c5 7. d5 Bd7 8. Bd3 Na6 9. Nge2 Nc7 10. Ng3 h6 11. h4 Rb8 12. Qd2 Re8 13. e5 dxe5 14. Bxc5 b6 15. Be3 b5 16. b3 e4 17. fxe4 1/2-1/2